000 01118cam a2200265 a 4500
999 _c2095
_d2095
001 (Sirsi) a1002598
003 OSt
005 20230306141047.0
008 151027r20162014enkab c 000 0 eng
015 _aGBB5F6471
_2bnb
020 _a9780007453627
_q(pbk.) :
040 _aStDuBDS
_beng
_cStDuBDS
_dTAE
_dKH8
042 _anbic
082 0 _a823.92 WAL
100 1 _aWalliams, David,
_d1971-
_eauthor
245 1 0 _aAwful auntie /
_cDavid Walliams ; illustrated by Tony Ross.
260 _aLondon :
_bHarperCollins Children's Books,
_c2016.
300 _a410 p. :
_bill. (black and white), map (black and white) ;
_c20 cm.
500 _aOriginally published: 2014.
520 _aFrom number one bestselling author David Walliams comes another heartfelt but hilarious hoot of an adventure Stella Saxby is the sole heir to Saxby Hall. But awful Aunt Alberta and her giant owl will stop at nothing to get it from her. Luckily Stella has a secret - and slightly spooky - weapon up her sleeve.
521 1 _aAges 9 and up.
650 _aChildren's story
700 1 _aRoss, Tony.
_eIllustrator
942 _2ddc
_cNFIC